[Event "65+ World Senior Team Championship"]
[Site "chess24.com"]
[Date "2017.05.01"]
[Round "8"]
[White "Thynne, Trefor F"]
[Black "Reuben, Stewart"]
[Result "1/2-1/2"]
[Board "4"]
[WhiteElo "1975"]
[WhiteCountry "ENG"]
[WhiteFideId "419893"]
[WhiteEloChange "3"]
[BlackElo "2077"]
[BlackTitle "CM"]
[BlackCountry "ENG"]
[BlackFideId "405256"]
[BlackEloChange "-3"]

1. d4 {[%clk 1:30:58]} Nf6 {[%clk 1:30:46]} 2. g3 {[%clk 1:31:16]} c5 {[%clk
1:30:32]} 3. d5 {[%clk 1:31:00]} e6 {[%clk 1:30:35]} 4. c4 {[%clk 1:31:20]} exd5
{[%clk 1:30:10]} 5. cxd5 {[%clk 1:31:44]} d6 {[%clk 1:30:11]} 6. Bg2 {[%clk
1:31:27]} g6 {[%clk 1:30:00]} 7. Nc3 {[%clk 1:31:42]} Bg7 {[%clk 1:30:11]} 8. Nf3
{[%clk 1:32:03]} O-O {[%clk 1:29:43]} 9. O-O {[%clk 1:32:27]} Re8 {[%clk
1:27:38]} 10. Nd2 {[%clk 1:30:23]} Bd7 {[%clk 1:25:13]} 11. a4 {[%clk 1:28:04]}
Na6 {[%clk 1:23:49]} 12. h3 {[%clk 1:23:20]} Nb4 {[%clk 1:19:07]} 13. Nc4 {[%clk
1:16:43]} Qc7 {[%clk 1:14:11]} 14. Bf4 {[%clk 1:14:06]} Bf8 {[%clk 1:12:25]} 15.
g4 {[%clk 1:09:28]} Rad8 {[%clk 1:03:40]} 16. Qd2 {[%clk 1:01:29]} b6 {[%clk
0:59:38]} 17. Bg5 {[%clk 0:54:45]} Be7 {[%clk 0:57:12]} 18. Nxd6 {[%clk 0:45:10]}
Nxg4 {[%clk 0:38:25]} 19. hxg4 {[%clk 0:35:58]} Bxd6 {[%clk 0:34:23]} 20. Bxd8
{[%clk 0:35:47]} Qxd8 {[%clk 0:34:07]} 21. g5 {[%clk 0:31:51]} f5 {[%clk
0:22:53]} 22. f4 {[%clk 0:26:20]} 1/2-1/2

[Event "65+ World Senior Team Championship"]
[Site "chess24.com"]
[Date "2017.05.02"]
[Round "9"]
[White "Watzka, Horst"]
[Black "Vasiukov, Evgeni"]
[Result "1/2-1/2"]
[Board "1"]
[WhiteElo "2165"]
[WhiteTitle "FM"]
[WhiteCountry "AUT"]
[WhiteFideId "1600311"]
[WhiteEloChange "6"]
[BlackElo "2396"]
[BlackTitle "GM"]
[BlackCountry "RUS"]
[BlackFideId "4100522"]
[BlackEloChange "-6"]

1. e4 {[%clk 1:30:20]} e5 {[%clk 1:26:40]} 2. Nf3 {[%clk 1:30:11]} Nc6 {[%clk
1:27:05]} 3. Bb5 {[%clk 1:29:20]} Nf6 {[%clk 1:27:19]} 4. d3 {[%clk 1:28:16]} Bc5
{[%clk 1:27:15]} 5. O-O {[%clk 1:26:51]} Nd4 {[%clk 1:26:00]} 6. Ba4 {[%clk
1:23:07]} Qe7 {[%clk 1:21:38]} 7. c3 {[%clk 1:22:50]} Nxf3+ {[%clk 1:21:54]} 8.
Qxf3 {[%clk 1:23:12]} O-O {[%clk 1:20:26]} 9. h3 {[%clk 1:19:48]} d6 {[%clk
1:16:00]} 10. b4 {[%clk 1:17:39]} Bb6 {[%clk 1:15:57]} 11. Nd2 {[%clk 1:17:43]}
a5 {[%clk 1:15:12]} 12. b5 {[%clk 0:58:47]} Be6 {[%clk 1:15:01]} 13. Bb2 {[%clk
0:57:15]} Nd7 {[%clk 1:07:28]} 14. d4 {[%clk 0:57:11]} Qh4 {[%clk 0:49:13]} 15.
Qe2 {[%clk 0:56:49]} 1/2-1/2

[Event "65+ World Senior Team Championship"]
[Site "chess24.com"]
[Date "2017.05.02"]
[Round "9"]
[White "Balashov, Yuri S"]
[Black "Nickl, Klaus"]
[Result "1-0"]
[Board "2"]
[WhiteElo "2408"]
[WhiteTitle "GM"]
[WhiteCountry "RUS"]
[WhiteFideId "4100263"]
[WhiteEloChange "1"]
[BlackElo "2045"]
[BlackCountry "AUT"]
[BlackFideId "1601024"]
[BlackEloChange "-2"]

1. d4 {[%clk 1:30:49]} Nf6 {[%clk 1:30:35]} 2. c4 {[%clk 1:31:08]} e6 {[%clk
1:30:29]} 3. Nf3 {[%clk 1:31:22]} Bb4+ {[%clk 1:30:47]} 4. Nbd2 {[%clk 1:31:05]}
b6 {[%clk 1:30:09]} 5. e3 {[%clk 1:30:11]} O-O {[%clk 1:30:14]} 6. Bd3 {[%clk
1:29:41]} Bb7 {[%clk 1:30:31]} 7. O-O {[%clk 1:29:54]} d5 {[%clk 1:29:55]} 8. a3
{[%clk 1:30:01]} Be7 {[%clk 1:27:09]} 9. b4 {[%clk 1:30:05]} c5 {[%clk 1:25:24]}
10. bxc5 {[%clk 1:30:20]} bxc5 {[%clk 1:25:48]} 11. cxd5 {[%clk 1:29:16]} Qxd5
{[%clk 1:19:58]} 12. e4 {[%clk 1:23:03]} Qh5 {[%clk 1:17:09]} 13. Rb1 {[%clk
1:19:00]} Bc6 {[%clk 1:12:32]} 14. Qc2 {[%clk 1:10:56]} Nbd7 {[%clk 1:12:05]} 15.
e5 {[%clk 1:10:45]} Nd5 {[%clk 1:08:07]} 16. Ne4 {[%clk 1:10:48]} Rac8 {[%clk
1:06:25]} 17. Ng3 {[%clk 1:11:02]} 1-0

[Event "65+ World Senior Team Championship"]
[Site "chess24.com"]
[Date "2017.05.02"]
[Round "9"]
[White "Kratschmer, Heinz"]
[Black "Zhelnin, Vladimir V"]
[Result "0-1"]
[Board "3"]
[WhiteElo "2003"]
[WhiteCountry "AUT"]
[WhiteFideId "1606670"]
[WhiteEloChange "-2"]
[BlackElo "2455"]
[BlackTitle "IM"]
[BlackCountry "RUS"]
[BlackFideId "4105567"]
[BlackEloChange "1"]

1. d4 {[%clk 1:30:57]} Nf6 {[%clk 1:30:46]} 2. Nf3 {[%clk 1:31:22]} g6 {[%clk
1:29:34]} 3. Nc3 {[%clk 1:31:44]} d5 {[%clk 1:29:44]} 4. Bf4 {[%clk 1:32:07]} Bg7
{[%clk 1:29:42]} 5. e3 {[%clk 1:32:31]} O-O {[%clk 1:29:56]} 6. Be2 {[%clk
1:32:56]} c5 {[%clk 1:28:53]} 7. Ne5 {[%clk 1:32:48]} cxd4 {[%clk 1:25:10]} 8.
exd4 {[%clk 1:33:11]} Nc6 {[%clk 1:25:27]} 9. Qd2 {[%clk 1:29:23]} Bf5 {[%clk
1:20:39]} 10. g4 {[%clk 1:27:55]} Be6 {[%clk 1:19:49]} 11. f3 {[%clk 1:26:30]}
Qa5 {[%clk 1:12:32]} 12. h4 {[%clk 1:26:01]} Rac8 {[%clk 1:03:04]} 13. h5 {[%clk
1:25:34]} Rfd8 {[%clk 1:02:35]} 14. hxg6 {[%clk 1:22:40]} fxg6 {[%clk 1:02:54]}
15. Qe3 {[%clk 1:17:00]} Nxe5 {[%clk 0:45:04]} 16. Bxe5 {[%clk 1:16:29]} Bf7
{[%clk 0:45:21]} 17. Rh3 {[%clk 1:05:56]} b5 {[%clk 0:43:20]} 18. Qd2 {[%clk
1:01:23]} a6 {[%clk 0:39:52]} 19. Kf2 {[%clk 1:00:03]} Qb6 {[%clk 0:37:59]} 20.
Rah1 {[%clk 0:59:28]} Nxg4+ {[%clk 0:36:57]} 21. fxg4 {[%clk 0:53:41]} Bxe5
{[%clk 0:37:08]} 22. Rxh7 {[%clk 0:53:56]} Qxd4+ {[%clk 0:36:34]} 23. Ke1 {[%clk
0:52:44]} Qxd2+ {[%clk 0:35:13]} 24. Kxd2 {[%clk 0:53:12]} Bg7 {[%clk 0:35:23]}
25. Bd3 {[%clk 0:52:20]} e5 {[%clk 0:35:27]} 26. a4 {[%clk 0:50:13]} e4 {[%clk
0:35:43]} 27. Be2 {[%clk 0:50:27]} b4 {[%clk 0:35:12]} 28. Nd1 {[%clk 0:50:47]}
Rd6 {[%clk 0:28:12]} 29. c3 {[%clk 0:50:12]} bxc3+ {[%clk 0:27:44]} 30. Nxc3
{[%clk 0:50:27]} Rb6 {[%clk 0:27:04]} 31. Nd1 {[%clk 0:49:55]} d4 {[%clk
0:27:07]} 0-1

[Event "65+ World Senior Team Championship"]
[Site "chess24.com"]
[Date "2017.05.02"]
[Round "9"]
[White "Pushkov, Nikolai"]
[Black "Pitzl, Konstantinos"]
[Result "1-0"]
[Board "4"]
[WhiteElo "2335"]
[WhiteTitle "GM"]
[WhiteCountry "RUS"]
[WhiteFideId "4117131"]
[WhiteEloChange "3"]
[BlackElo "2001"]
[BlackCountry "AUT"]
[BlackFideId "1627112"]
[BlackEloChange "-3"]

1. Nf3 {[%clk 1:30:52]} Nf6 {[%clk 1:30:50]} 2. g3 {[%clk 1:31:03]} g6 {[%clk
1:31:08]} 3. b3 {[%clk 1:31:17]} Bg7 {[%clk 1:31:21]} 4. Bb2 {[%clk 1:31:45]} O-O
{[%clk 1:31:36]} 5. Bg2 {[%clk 1:32:13]} d6 {[%clk 1:31:11]} 6. d4 {[%clk
1:31:56]} c5 {[%clk 1:29:47]} 7. O-O {[%clk 1:32:05]} cxd4 {[%clk 1:29:21]} 8.
Nxd4 {[%clk 1:32:33]} Nbd7 {[%clk 1:29:23]} 9. c4 {[%clk 1:32:31]} a6 {[%clk
1:23:53]} 10. Nc3 {[%clk 1:32:34]} Rb8 {[%clk 1:19:25]} 11. Qd2 {[%clk 1:31:11]}
Nc5 {[%clk 1:16:13]} 12. Rfd1 {[%clk 1:26:51]} Qb6 {[%clk 1:12:27]} 13. h3 {[%clk
1:24:56]} Bd7 {[%clk 1:09:26]} 14. e3 {[%clk 1:25:02]} Rbd8 {[%clk 1:09:00]} 15.
Nde2 {[%clk 1:20:40]} Bc6 {[%clk 1:08:59]} 16. Nd5 {[%clk 1:17:48]} Bxd5 {[%clk
1:08:16]} 17. cxd5 {[%clk 1:15:33]} Nfe4 {[%clk 1:06:13]} 18. Qc2 {[%clk
1:14:31]} Bxb2 {[%clk 1:02:33]} 19. Qxb2 {[%clk 1:14:35]} Nf6 {[%clk 1:00:38]}
20. Rac1 {[%clk 1:13:28]} Rc8 {[%clk 0:58:21]} 21. h4 {[%clk 1:09:52]} h5 {[%clk
0:58:36]} 22. Bh3 {[%clk 1:09:49]} Ncd7 {[%clk 0:58:39]} 23. Qd2 {[%clk 1:06:53]}
Rxc1 {[%clk 0:58:53]} 24. Rxc1 {[%clk 1:07:09]} Ne5 {[%clk 0:59:08]} 25. Bg2
{[%clk 1:05:06]} Nfg4 {[%clk 0:54:53]} 26. Qc3 {[%clk 1:00:15]} Qb5 {[%clk
0:48:11]} 27. Nd4 {[%clk 0:59:54]} Qd3 {[%clk 0:46:27]} 28. f4 {[%clk 0:58:58]}
Qxc3 {[%clk 0:45:35]} 29. Rxc3 {[%clk 0:59:26]} Nd7 {[%clk 0:45:56]} 30. Rc7
{[%clk 0:54:03]} Ndf6 {[%clk 0:44:00]} 31. Rxb7 {[%clk 0:52:18]} Nxe3 {[%clk
0:44:19]} 32. Rxe7 {[%clk 0:52:21]} Nxg2 {[%clk 0:44:06]} 33. Kxg2 {[%clk
0:52:49]} Nxd5 {[%clk 0:44:30]} 34. Rd7 {[%clk 0:52:57]} Nc3 {[%clk 0:44:13]} 35.
Rxd6 {[%clk 0:53:06]} Nxa2 {[%clk 0:44:28]} 36. Rxa6 {[%clk 0:53:14]} Nb4 {[%clk
0:44:43]} 37. Rd6 {[%clk 0:53:30]} Ra8 {[%clk 0:44:55]} 38. f5 {[%clk 0:53:35]}
Ra2+ {[%clk 0:43:01]} 39. Kf3 {[%clk 0:53:52]} Nd3 {[%clk 0:43:18]} 40. fxg6
{[%clk 1:22:58]} Ne5+ {[%clk 1:13:40]} 41. Kf4 {[%clk 1:23:16]} Nxg6+ {[%clk
1:13:52]} 42. Kg5 {[%clk 1:23:42]} Ra5+ {[%clk 1:10:48]} 43. Kf6 {[%clk 1:20:46]}
Ne5 {[%clk 1:06:01]} 44. Rd8+ {[%clk 1:19:39]} Kh7 {[%clk 1:06:24]} 45. b4 {[%clk
1:19:54]} Ng4+ {[%clk 1:06:45]} 46. Kxf7 {[%clk 1:20:20]} Ra3 {[%clk 1:06:40]}
47. b5 {[%clk 1:19:37]} Rxg3 {[%clk 1:06:35]} 48. b6 {[%clk 1:19:14]} Nh6+ {[%clk
1:06:59]} 49. Ke8 {[%clk 1:19:30]} Rg8+ {[%clk 0:57:47]} 50. Kd7 {[%clk 1:18:59]}
Rg7+ {[%clk 0:54:34]} 51. Kc6 {[%clk 1:19:07]} Nf7 {[%clk 0:54:16]} 52. Rd5
{[%clk 1:19:09]} Rg6+ {[%clk 0:54:25]} 53. Kc7 {[%clk 1:19:18]} 1-0

[Event "65+ World Senior Team Championship"]
[Site "chess24.com"]
[Date "2017.05.02"]
[Round "9"]
[White "Nordstrom, Felix"]
[Black "Sharif, Mehrshad"]
[Result "0-1"]
[Board "1"]
[WhiteElo "2139"]
[WhiteTitle "FM"]
[WhiteCountry "SWE"]
[WhiteFideId "1701509"]
[WhiteEloChange "-4"]
[BlackElo "2385"]
[BlackTitle "IM"]
[BlackCountry "FRA"]
[BlackFideId "600121"]
[BlackEloChange "4"]

1. d4 {[%clk 1:30:30]} d5 {[%clk 1:30:51]} 2. c4 {[%clk 1:30:55]} e6 {[%clk
1:31:17]} 3. Nc3 {[%clk 1:31:17]} Nf6 {[%clk 1:31:43]} 4. Bg5 {[%clk 1:31:31]}
Be7 {[%clk 1:32:05]} 5. e3 {[%clk 1:31:53]} h6 {[%clk 1:32:15]} 6. Bxf6 {[%clk
1:29:07]} Bxf6 {[%clk 1:32:25]} 7. cxd5 {[%clk 1:29:33]} exd5 {[%clk 1:32:31]} 8.
b4 {[%clk 1:29:12]} O-O {[%clk 1:31:41]} 9. Nf3 {[%clk 1:26:33]} Qd6 {[%clk
1:26:43]} 10. Qb3 {[%clk 1:23:15]} c6 {[%clk 1:23:57]} 11. Be2 {[%clk 1:21:09]}
Bf5 {[%clk 1:22:11]} 12. O-O {[%clk 1:18:43]} Nd7 {[%clk 1:21:37]} 13. b5 {[%clk
1:10:17]} a6 {[%clk 0:54:18]} 14. a4 {[%clk 0:55:46]} a5 {[%clk 0:52:52]} 15.
Rac1 {[%clk 0:47:36]} Rfc8 {[%clk 0:50:18]} 16. Ne1 {[%clk 0:44:10]} Qb4 {[%clk
0:40:08]} 17. Qa2 {[%clk 0:43:52]} Nb6 {[%clk 0:33:57]} 18. Nd3 {[%clk 0:37:18]}
Bxd3 {[%clk 0:33:19]} 19. Bxd3 {[%clk 0:37:18]} cxb5 {[%clk 0:33:21]} 20. Nxd5
{[%clk 0:33:59]} Nxd5 {[%clk 0:33:31]} 21. Rxc8+ {[%clk 0:30:25]} Rxc8 {[%clk
0:33:05]} 22. Qxd5 {[%clk 0:30:51]} bxa4 {[%clk 0:32:59]} 23. g3 {[%clk 0:27:25]}
Rd8 {[%clk 0:21:04]} 24. Qe4 {[%clk 0:20:27]} a3 {[%clk 0:09:26]} 25. Rc1 {[%clk
0:16:37]} g6 {[%clk 0:05:32]} 26. Bc4 {[%clk 0:15:31]} Kg7 {[%clk 0:04:34]} 27.
Bxf7 {[%clk 0:10:05]} Kxf7 {[%clk 0:04:40]} 28. Rc7+ {[%clk 0:10:15]} Be7 {[%clk
0:04:06]} 29. Qf4+ {[%clk 0:09:41]} Kg7 {[%clk 0:03:20]} 30. Qe5+ {[%clk
0:09:51]} Kf7 {[%clk 0:03:42]} 31. Qf4+ {[%clk 0:10:05]} Ke8 {[%clk 0:03:24]} 32.
Qxh6 {[%clk 0:07:55]} Qb1+ {[%clk 0:03:34]} 33. Kg2 {[%clk 0:08:17]} Qf5 {[%clk
0:02:48]} 34. Qh8+ {[%clk 0:05:06]} Bf8 {[%clk 0:03:01]} 35. Rc5 {[%clk 0:02:08]}
Rd5 {[%clk 0:02:51]} 0-1

[Event "65+ World Senior Team Championship"]
[Site "chess24.com"]
[Date "2017.05.02"]
[Round "9"]
[White "Wademark, Helge"]
[Black "Giffard, Nicolas"]
[Result "0-1"]
[Board "3"]
[WhiteElo "2037"]
[WhiteCountry "SWE"]
[WhiteFideId "1701606"]
[WhiteEloChange "-4"]
[BlackElo "2257"]
[BlackTitle "IM"]
[BlackCountry "FRA"]
[BlackFideId "600571"]
[BlackEloChange "4"]

1. e4 {[%clk 1:30:55]} c6 {[%clk 1:30:51]} 2. d4 {[%clk 1:31:03]} d5 {[%clk
1:31:15]} 3. exd5 {[%clk 1:30:15]} cxd5 {[%clk 1:31:38]} 4. Bd3 {[%clk 1:30:36]}
Nc6 {[%clk 1:32:03]} 5. c3 {[%clk 1:31:00]} Qc7 {[%clk 1:32:26]} 6. Nf3 {[%clk
1:26:52]} Bg4 {[%clk 1:31:46]} 7. Nbd2 {[%clk 1:25:51]} e6 {[%clk 1:31:59]} 8.
O-O {[%clk 1:23:42]} Bd6 {[%clk 1:32:18]} 9. Re1 {[%clk 1:19:39]} Bxh2+ {[%clk
1:31:14]} 10. Kh1 {[%clk 1:19:55]} Bd6 {[%clk 1:31:28]} 11. Qa4 {[%clk 1:17:28]}
Ne7 {[%clk 1:28:49]} 12. Ne5 {[%clk 1:13:33]} Bxe5 {[%clk 1:28:48]} 13. Rxe5
{[%clk 1:09:26]} O-O {[%clk 1:27:00]} 14. Re1 {[%clk 1:09:54]} Bh5 {[%clk
1:26:27]} 15. Nf1 {[%clk 1:09:08]} Bg6 {[%clk 1:26:40]} 16. Be2 {[%clk 1:09:33]}
a6 {[%clk 1:25:43]} 17. a3 {[%clk 1:06:09]} Rfc8 {[%clk 1:25:58]} 18. Bf3 {[%clk
1:04:04]} Na5 {[%clk 1:23:03]} 19. Qd1 {[%clk 1:01:17]} Qb6 {[%clk 1:21:14]} 20.
b4 {[%clk 1:00:05]} Nc4 {[%clk 1:21:02]} 21. a4 {[%clk 0:51:16]} Nd6 {[%clk
1:19:23]} 22. Bd2 {[%clk 0:50:01]} Ne4 {[%clk 1:19:27]} 23. Bxe4 {[%clk 0:50:08]}
Bxe4 {[%clk 1:19:45]} 24. a5 {[%clk 0:49:57]} Qc6 {[%clk 1:19:11]} 25. Re3 {[%clk
0:46:42]} Bg6 {[%clk 1:19:24]} 26. Rh3 {[%clk 0:46:23]} Nf5 {[%clk 1:19:48]} 27.
Ne3 {[%clk 0:45:26]} Nd6 {[%clk 1:20:08]} 28. Be1 {[%clk 0:44:54]} f6 {[%clk
1:19:42]} 29. Rc1 {[%clk 0:41:14]} Re8 {[%clk 1:18:50]} 30. Qe2 {[%clk 0:33:30]}
Nb5 {[%clk 1:17:43]} 31. Bd2 {[%clk 0:33:49]} Rac8 {[%clk 1:17:08]} 32. Rg3
{[%clk 0:32:00]} Qd6 {[%clk 1:15:13]} 33. Nd1 {[%clk 0:25:38]} e5 {[%clk
1:12:32]} 34. dxe5 {[%clk 0:25:06]} Rxe5 {[%clk 1:11:04]} 35. Qg4 {[%clk
0:20:12]} Rh5+ {[%clk 1:02:25]} 36. Kg1 {[%clk 0:18:58]} Rc4 {[%clk 1:02:36]} 37.
f4 {[%clk 0:17:42]} d4 {[%clk 0:56:59]} 38. Qe2 {[%clk 0:13:09]} Rc8 {[%clk
0:57:15]} 39. c4 {[%clk 0:11:45]} d3 {[%clk 0:55:31]} 40. Qg4 {[%clk 0:41:00]} f5
{[%clk 1:25:47]} 41. Qf3 {[%clk 0:41:07]} Nd4 {[%clk 1:26:11]} 42. Qxd3 {[%clk
0:38:18]} Rd8 {[%clk 1:25:04]} 43. Nf2 {[%clk 0:29:21]} Rh4 {[%clk 1:23:02]} 44.
Re1 {[%clk 0:19:57]} Bh5 {[%clk 1:20:39]} 45. Kf1 {[%clk 0:18:39]} Ne2 {[%clk
1:17:19]} 46. Re3 {[%clk 0:15:51]} Qf6 {[%clk 1:16:09]} 47. Qc2 {[%clk 0:14:56]}
Nd4 {[%clk 1:15:55]} 48. Qb2 {[%clk 0:14:38]} Rxf4 {[%clk 1:13:10]} 49. Re7
{[%clk 0:13:40]} Re4 {[%clk 1:08:32]} 50. R7xe4 {[%clk 0:13:12]} fxe4 {[%clk
1:08:47]} 51. Rxe4 {[%clk 0:13:06]} Nb3 {[%clk 1:08:48]} 52. Bc3 {[%clk 0:12:44]}
Rd1+ {[%clk 1:08:08]} 53. Re1 {[%clk 0:12:50]} Rxe1+ {[%clk 1:08:13]} 54. Kxe1
{[%clk 0:13:17]} Qe6+ {[%clk 1:08:31]} 55. Kf1 {[%clk 0:13:22]} Qxc4+ {[%clk
1:08:51]} 56. Kg1 {[%clk 0:13:52]} Bf7 {[%clk 1:04:40]} 57. Bxg7 {[%clk 0:13:08]}
Qxb4 {[%clk 1:05:04]} 58. Bc3 {[%clk 0:12:40]} Qc5 {[%clk 1:04:35]} 59. Kh2
{[%clk 0:10:19]} Qg5 {[%clk 1:03:01]} 60. Bf6 {[%clk 0:09:11]} Qh6+ {[%clk
1:01:12]} 61. Nh3 {[%clk 0:09:37]} Nxa5 {[%clk 0:58:02]} 62. Bg5 {[%clk 0:08:45]}
Qg6 {[%clk 0:56:45]} 63. Qe5 {[%clk 0:08:36]} Nc6 {[%clk 0:56:23]} 64. Qc7 {[%clk
0:09:04]} Be6 {[%clk 0:52:35]} 65. Bf4 {[%clk 0:09:21]} Qf7 {[%clk 0:52:42]} 66.
Qd6 {[%clk 0:09:28]} Bxh3 {[%clk 0:51:47]} 67. Kxh3 {[%clk 0:09:45]} Qh5+ {[%clk
0:51:51]} 0-1

[Event "65+ World Senior Team Championship"]
[Site "chess24.com"]
[Date "2017.05.02"]
[Round "9"]
[White "Letzelter, Jean-Claude"]
[Black "Svensson, Soren"]
[Result "1/2-1/2"]
[Board "4"]
[WhiteElo "2134"]
[WhiteTitle "FM"]
[WhiteCountry "FRA"]
[WhiteFideId "600652"]
[WhiteEloChange "-4"]
[BlackElo "1992"]
[BlackCountry "SWE"]
[BlackFideId "1714937"]
[BlackEloChange "4"]

1. Nf3 {[%clk 1:30:54]} d5 {[%clk 1:30:45]} 2. b4 {[%clk 1:31:12]} Nf6 {[%clk
1:27:08]} 3. Bb2 {[%clk 1:31:27]} Bg4 {[%clk 1:23:44]} 4. Ne5 {[%clk 1:29:54]}
Bf5 {[%clk 1:23:04]} 5. e3 {[%clk 1:28:49]} e6 {[%clk 1:22:57]} 6. a3 {[%clk
1:29:14]} Nbd7 {[%clk 1:21:35]} 7. g4 {[%clk 1:21:41]} Be4 {[%clk 1:19:43]} 8. f3
{[%clk 1:17:58]} Nxe5 {[%clk 1:17:39]} 9. Bxe5 {[%clk 1:18:24]} Nd7 {[%clk
1:13:50]} 10. Bf4 {[%clk 1:15:18]} Bg6 {[%clk 1:09:08]} 11. d4 {[%clk 1:11:53]}
Be7 {[%clk 1:06:00]} 12. c4 {[%clk 1:04:46]} h5 {[%clk 0:57:57]} 13. cxd5 {[%clk
1:00:29]} exd5 {[%clk 0:57:56]} 14. Nc3 {[%clk 1:00:55]} c6 {[%clk 0:56:47]} 15.
gxh5 {[%clk 0:53:07]} Rxh5 {[%clk 0:54:59]} 16. Rg1 {[%clk 0:48:01]} Bh4+ {[%clk
0:49:20]} 17. Kd2 {[%clk 0:41:20]} Qe7 {[%clk 0:46:13]} 18. Qc1 {[%clk 0:35:30]}
Kf8 {[%clk 0:41:53]} 19. Be2 {[%clk 0:32:02]} Re8 {[%clk 0:37:39]} 20. Qf1 {[%clk
0:28:55]} Bf6 {[%clk 0:28:37]} 21. Qf2 {[%clk 0:23:37]} Rh3 {[%clk 0:25:15]} 22.
Rg3 {[%clk 0:20:10]} Rh7 {[%clk 0:23:05]} 23. Qg1 {[%clk 0:20:01]} Rh5 {[%clk
0:20:26]} 24. Na4 {[%clk 0:14:55]} Bh4 {[%clk 0:19:24]} 25. Rg2 {[%clk 0:12:37]}
Qf6 {[%clk 0:13:30]} 26. Nc5 {[%clk 0:11:23]} Nxc5 {[%clk 0:13:29]} 27. bxc5
{[%clk 0:11:48]} Qd8 {[%clk 0:12:52]} 28. Qc1 {[%clk 0:10:33]} Bg5 {[%clk
0:11:52]} 29. Bxg5 {[%clk 0:07:45]} Rxg5 {[%clk 0:12:12]} 30. Rxg5 {[%clk
0:07:41]} Qxg5 {[%clk 0:12:33]} 31. Qg1 {[%clk 0:08:08]} Qf5 {[%clk 0:09:32]} 32.
Rc1 {[%clk 0:08:35]} Bh5 {[%clk 0:06:27]} 33. Qg3 {[%clk 0:08:51]} Bg6 {[%clk
0:06:35]} 34. Qc7 {[%clk 0:08:18]} Qe6 {[%clk 0:06:21]} 35. Rc3 {[%clk 0:08:26]}
Qe7 {[%clk 0:05:57]} 36. Qxe7+ {[%clk 0:08:30]} Rxe7 {[%clk 0:06:14]} 37. Rb3
{[%clk 0:08:42]} f5 {[%clk 0:05:07]} 38. Rb4 {[%clk 0:06:56]} Kf7 {[%clk
0:05:00]} 39. Ra4 {[%clk 0:06:03]} a6 {[%clk 0:02:08]} 40. Rb4 {[%clk 0:36:28]}
Kf6 {[%clk 0:32:29]} 41. f4 {[%clk 0:33:24]} Bf7 {[%clk 0:32:24]} 42. h4 {[%clk
0:33:30]} Be6 {[%clk 0:32:36]} 43. Rb1 {[%clk 0:33:32]} g6 {[%clk 0:31:39]} 44.
Rh1 {[%clk 0:32:16]} Rh7 {[%clk 0:31:38]} 45. Kc3 {[%clk 0:32:39]} Ke7 {[%clk
0:30:24]} 46. Kb4 {[%clk 0:32:23]} Kd7 {[%clk 0:30:16]} 47. Ka5 {[%clk 0:32:04]}
Kc7 {[%clk 0:30:38]} 48. h5 {[%clk 0:22:17]} gxh5 {[%clk 0:30:47]} 49. Rxh5
{[%clk 0:22:45]} Rxh5 {[%clk 0:31:03]} 50. Bxh5 {[%clk 0:23:08]} Bd7 {[%clk
0:30:43]} 51. Bf7 {[%clk 0:23:17]} Bc8 {[%clk 0:31:03]} 52. Kb4 {[%clk 0:23:05]}
Bd7 {[%clk 0:30:18]} 53. Bg8 {[%clk 0:23:11]} Bc8 {[%clk 0:30:05]} 54. Bf7 {[%clk
0:23:34]} Bd7 {[%clk 0:30:27]} 55. Bg6 {[%clk 0:23:58]} Bc8 {[%clk 0:30:18]} 56.
Bh5 {[%clk 0:24:01]} Be6 {[%clk 0:30:10]} 57. Be2 {[%clk 0:24:28]} Bc8 {[%clk
0:30:02]} 58. Bd3 {[%clk 0:24:46]} Be6 {[%clk 0:30:19]} 59. Kc3 {[%clk 0:25:07]}
Kd8 {[%clk 0:30:16]} 60. Kd2 {[%clk 0:24:41]} Ke7 {[%clk 0:30:35]} 61. Ke1 {[%clk
0:25:08]} Kf6 {[%clk 0:30:48]} 62. Kf2 {[%clk 0:25:25]} Bf7 {[%clk 0:30:41]} 63.
Be2 {[%clk 0:24:59]} Be6 {[%clk 0:27:24]} 64. Kg3 {[%clk 0:24:57]} Kg6 {[%clk
0:27:42]} 65. Kh4 {[%clk 0:25:25]} Kh6 {[%clk 0:28:04]} 66. Bh5 {[%clk 0:25:20]}
Bd7 {[%clk 0:28:18]} 67. a4 {[%clk 0:25:38]} Be6 {[%clk 0:28:33]} 68. Be8 {[%clk
0:25:04]} Bc8 {[%clk 0:28:52]} 1/2-1/2

[Event "65+ World Senior Team Championship"]
[Site "chess24.com"]
[Date "2017.05.02"]
[Round "9"]
[White "Renman, Nils-Gustaf"]
[Black "Petschar, Kurt"]
[Result "1-0"]
[Board "1"]
[WhiteElo "2361"]
[WhiteTitle "IM"]
[WhiteCountry "SWE"]
[WhiteFideId "1700367"]
[WhiteEloChange "8"]
[BlackElo "2282"]
[BlackTitle "FM"]
[BlackCountry "AUT"]
[BlackFideId "1600478"]
[BlackEloChange "-8"]

1. d4 {[%clk 1:30:56]} Nf6 {[%clk 1:30:43]} 2. Nf3 {[%clk 1:31:21]} e6 {[%clk
1:31:06]} 3. c4 {[%clk 1:31:47]} d5 {[%clk 1:31:18]} 4. Nc3 {[%clk 1:32:04]} Be7
{[%clk 1:31:35]} 5. Bg5 {[%clk 1:32:12]} O-O {[%clk 1:31:56]} 6. e3 {[%clk
1:32:36]} h6 {[%clk 1:32:07]} 7. Bh4 {[%clk 1:31:43]} Ne4 {[%clk 1:32:28]} 8.
Bxe7 {[%clk 1:32:01]} Qxe7 {[%clk 1:32:49]} 9. Qc2 {[%clk 1:32:19]} Nxc3 {[%clk
1:32:26]} 10. Qxc3 {[%clk 1:32:38]} dxc4 {[%clk 1:32:51]} 11. Bxc4 {[%clk
1:32:33]} b6 {[%clk 1:32:48]} 12. O-O {[%clk 1:29:41]} Bb7 {[%clk 1:32:26]} 13.
Be2 {[%clk 1:30:02]} c5 {[%clk 1:32:13]} 14. dxc5 {[%clk 1:23:41]} Rc8 {[%clk
1:32:12]} 15. b4 {[%clk 1:21:44]} bxc5 {[%clk 1:32:11]} 16. b5 {[%clk 1:20:36]}
Nd7 {[%clk 1:31:47]} 17. Nd2 {[%clk 1:20:26]} a6 {[%clk 1:31:06]} 18. a4 {[%clk
1:05:48]} axb5 {[%clk 1:25:04]} 19. Bxb5 {[%clk 1:06:01]} Ba6 {[%clk 1:13:16]}
20. Nc4 {[%clk 1:00:42]} Bxb5 {[%clk 1:10:05]} 21. axb5 {[%clk 1:01:06]} Qf6
{[%clk 1:07:03]} 22. Qxf6 {[%clk 1:00:59]} gxf6 {[%clk 1:07:30]} 23. b6 {[%clk
0:50:58]} Rxa1 {[%clk 0:58:05]} 24. Rxa1 {[%clk 0:51:25]} Rb8 {[%clk 0:58:25]}
25. Rb1 {[%clk 0:51:07]} Kf8 {[%clk 0:58:35]} 26. f4 {[%clk 0:38:04]} Ke7 {[%clk
0:58:22]} 27. Kf2 {[%clk 0:35:11]} f5 {[%clk 0:54:18]} 28. Kf3 {[%clk 0:21:32]}
h5 {[%clk 0:51:55]} 29. Rb5 {[%clk 0:16:41]} Rg8 {[%clk 0:49:01]} 30. b7 {[%clk
0:14:33]} Rb8 {[%clk 0:46:46]} 31. Kg3 {[%clk 0:11:10]} Nf6 {[%clk 0:40:35]} 32.
Kh4 {[%clk 0:10:41]} Ne4 {[%clk 0:40:11]} 33. Ne5 {[%clk 0:07:47]} Kd6 {[%clk
0:39:05]} 34. Nxf7+ {[%clk 0:08:02]} Kc6 {[%clk 0:38:03]} 35. Rb2 {[%clk
0:07:32]} Rxb7 {[%clk 0:38:16]} 36. Ne5+ {[%clk 0:07:54]} Kc7 {[%clk 0:38:40]}
37. Rxb7+ {[%clk 0:08:12]} Kxb7 {[%clk 0:39:02]} 38. Kxh5 {[%clk 0:08:28]} Kc7
{[%clk 0:39:26]} 39. Kg6 {[%clk 0:08:13]} Nf2 {[%clk 0:32:14]} 40. h4 {[%clk
0:37:14]} Ng4 {[%clk 1:02:37]} 41. Nxg4 {[%clk 0:30:46]} fxg4 {[%clk 1:03:00]}
42. h5 {[%clk 0:31:08]} c4 {[%clk 1:03:27]} 43. h6 {[%clk 0:31:36]} c3 {[%clk
1:03:51]} 44. h7 {[%clk 0:32:03]} c2 {[%clk 1:04:11]} 45. h8Q {[%clk 0:32:27]}
c1Q {[%clk 1:04:09]} 46. Qe5+ {[%clk 0:32:22]} Kd7 {[%clk 1:04:11]} 47. Kf6
{[%clk 0:31:40]} Qc6 {[%clk 1:03:45]} 48. g3 {[%clk 0:30:29]} 1-0